000 01093nam a22002774aa4500
003 BOFEUTO
005 20260513100418.0
008 260504t2025 bo gr 000 f spa d
040 _6BOFEUTO
_aBOFEUTO
_cBOFEUTO
041 _aspa
044 _abo
082 _aTE6312
_bR165p
100 _aRamírez Rocha, Marvin Rodrigo
_eautor
245 _aPlan social media para mejorar la presencia digital de la Empresa de Productos de Limpieza Manager de la ciudad de Oruro. /
_cMarvin Rodrigo Ramírez Rocha, Rosario Del Castillo Rodríguez
260 _aOruro :
_bs/n,
_c2025.
300 _a146 hojas ;
_bgráf, ilus. ;
_c28.5 cm.
500 _aIncluye bibliografía, anexos.
502 _aTrabajo Dirigido, (Licenciatura) -- Universidad Técnica de Oruro, Facultad de Ciencias Económicas, Financieras y Administrativas, Carrera Administración de Empresas, 2025.
650 _aPlan Social
653 _aRedes Sociales
653 _aTransformación Digital
653 _aOrganizaciones
653 _aMercado
700 _aDel Castillo Rodríguez, Rosario
_etutor
942 _2ddc
_cTE
_n0
999 _c16167
_d16167